[Event "Challenge"]
[Site "http://www.queenalice.com/game.php?id=1124799"]
[Date "2012.11.21"]
[Round "-"]
[White "tadeufm"]
[Black "ArnoBlack"]
[Result "0-1"]
[WhiteElo "1488"]
[BlackElo "1679"]

1. e4 e5 2. Nf3 d6 3. Nc3 Nc6 4. a3 a6 5. Bc4 Bg4 6. h3 Bh5 7. O-O Nf6 8. d3 Nd4
9. Be3 Nxf3+ 10. gxf3 h6 11. Ne2 Bxf3 12. Qd2 d5 13. exd5 Nxd5 14. Ng3 Qh4 15.
Kh2 Bg4 16. Rh1 Be6 17. Kg2 b5 18. Ba2 Bd6 19. Raf1 Nxe3+ 0-1

[Event "Let's Play Chess!"]
[Site "http://www.queenalice.com/game.php?id=1124800"]
[Date "2012.11.21"]
[Round "-"]
[White "tadeufm"]
[Black "Eggchaser"]
[Result "0-1"]
[WhiteElo "1491"]
[BlackElo "1821"]

1. e4 c5 2. c4 Nc6 3. Nf3 d6 4. a3 Nf6 5. Bd3 g6 6. O-O Bg7 7. h3 O-O 8. Nc3 Be6
9. Qb3 Na5 10. Qd1 Nxc4 11. Qa4 Nb6 12. Qd1 Rc8 13. Ng5 Bd7 14. Qb3 h6 15. Nf3
Be6 16. Qc2 Qd7 17. Be2 a6 18. d3 Rc7 19. Nh2 Qc8 20. g4 d5 21. exd5 Nbxd5 22.
f3 Nxc3 23. Qxc3 Nxg4 24. Qd2 Nxh2 0-1

[Event "AUTO-INT-2493"]
[Site "http://www.queenalice.com/game.php?id=1125037"]
[Date "2012.11.23"]
[Round "1"]
[White "TIKAR"]
[Black "tadeufm"]
[Result "1-0"]
[WhiteElo "1795"]
[BlackElo "1488"]

1. e4 e5 2. Nf3 Nc6 3. Bc4 h6 4. d4 exd4 5. Nxd4 Nxd4 6. Qxd4 d6 7. Qd5 Be6 8.
Qb5+ c6 9. Qb4 Qc7 10. Bxe6 fxe6 11. O-O d5 12. Qd4 O-O-O 13. exd5 Rxd5 14. Qg4
Qd6 15. Bf4 Qd7 16. Nc3 Rf5 17. Rad1 Qe8 18. Ne4 Nf6 19. Nxf6 gxf6 20. Rfe1 1-0

[Event "AUTO-INT-2493"]
[Site "http://www.queenalice.com/game.php?id=1125038"]
[Date "2012.11.23"]
[Round "1"]
[White "tadeufm"]
[Black "TIKAR"]
[Result "0-1"]
[WhiteElo "1484"]
[BlackElo "1799"]

1. e4 e5 2. Nf3 Nc6 3. Nc3 a6 4. Bd3 Nf6 5. O-O b5 6. a3 Be7 7. b3 Nd4 8. Nxe5
d6 9. Nf3 Bg4 10. h3 Bxf3 11. gxf3 O-O 12. Ne2 Nxf3+ 13. Kh1 Qd7 14. Nf4 Ng5 15.
Kh2 Ne6 16. Nxe6 Qxe6 17. Qf3 Qe5+ 18. Kh1 Qxa1 19. c3 d5 0-1

[Event "AUTO-INT-2493"]
[Site "http://www.queenalice.com/game.php?id=1125051"]
[Date "2012.11.23"]
[Round "1"]
[White "carpielo"]
[Black "tadeufm"]
[Result "1-0"]
[WhiteElo "1731"]
[BlackElo "1475"]

1. e4 e5 2. d4 f6 3. d5 Bd6 4. Nf3 Ne7 5. c4 Bb4+ 6. Bd2 Bxd2+ 7. Nbxd2 d6 8. b4
O-O 9. c5 a6 10. Bc4 b5 11. cxd6 Qxd6 12. Bb3 Qxb4 13. O-O Bg4 14. h3 Bxf3 15.
gxf3 Kh8 16. a3 Qa5 17. a4 bxa4 18. Nc4 Qb4 19. Rxa4 1-0

[Event "AUTO-INT-2493"]
[Site "http://www.queenalice.com/game.php?id=1125052"]
[Date "2012.11.23"]
[Round "1"]
[White "tadeufm"]
[Black "carpielo"]
[Result "0-1"]
[WhiteElo "1481"]
[BlackElo "1725"]

1. e4 e5 2. Nf3 Nc6 3. Bc4 Bc5 4. O-O Nf6 5. Ng5 O-O 6. d3 d5 7. Bxd5 h6 8. Nf3
Nd4 9. Nxe5 Be6 10. Bxb7 Rb8 11. Ba6 Qd6 12. Nf3 Qxa6 13. b3 Be7 14. Nxd4 c5 15.
Nxe6 Qxe6 16. h3 Qe5 17. c3 Bd6 18. g3 Nh5 19. Qe1 f5 0-1

[Event "AUTO-INT-3609"]
[Site "http://www.queenalice.com/game.php?id=1634756"]
[Date "2020.11.29"]
[Round "1"]
[White "Carlos19"]
[Black "tadeufm"]
[Result "0-1"]
[WhiteElo "1419"]
[BlackElo "1518"]

1. e4 e5 2. Qh5 d6 3. Bc4 g6 4. Qf3 f6 5. d3 a6 6. Nc3 Nd7 7. Nge2 Ne7 8. O-O b5
9. Be6 c6 10. Bxd7+ Kf7 11. Bxc8 Nxc8 12. h3 Kg8 13. a4 b4 14. Nd1 Be7 15. b3 c5
16. c3 Rb8 17. c4 Qe8 18. Ne3 a5 19. Nd5 Qd8 20. Qg3 g5 21. Nxe7+ Nxe7 22. Qg4
h6 23. Qe6+ Kg7 24. g3 Re8 25. h4 Ng8 26. Qg4 Ne7 27. f4 exf4 28. hxg5 fxg5 29.
Bb2+ Kh7 30. gxf4 Ng6 31. f5 Nh4 32. f6 Rf8 33. f7 Rb7 34. Qe6 Qc7 35. Qf6 Rxf7
36. Qh8+ Kg6 37. Qg8+ Kh5 38. Ng3+ Kg4 39. Rxf7 Qxf7 40. Qxf7 Rxf7 41. d4 Nf3+
42. Kg2 Nh4+ 43. Kh2 Rf2+ 44. Kg1 Kxg3 45. dxc5 Nf3+ 46. Kh1 Rh2# 0-1

[Event "AUTO-INT-3609"]
[Site "http://www.queenalice.com/game.php?id=1634757"]
[Date "2020.11.29"]
[Round "1"]
[White "tadeufm"]
[Black "Carlos19"]
[Result "0-1"]
[WhiteElo "1530"]
[BlackElo "1470"]

1. e4 e5 2. Nc3 Nc6 3. Nf3 Bb4 4. Nd5 Nf6 5. Bd3 O-O 6. a3 Bc5 7. Bc4 Nxe4 8.
O-O d6 9. Qe2 Nf6 10. h3 a6 11. b4 Bb6 12. d3 Be6 13. Nxb6 cxb6 14. c3 Bxc4 15.
dxc4 h6 16. a4 a5 17. b5 Na7 18. Qd1 e4 19. Nh2 d5 20. cxd5 Qxd5 21. Qc2 Rac8
22. Ra3 Rfd8 23. Be3 Qd6 24. Raa1 Qd3 25. Qxd3 exd3 26. Bd2 Ne4 27. Rfd1 Nxd2
28. Rxd2 Rxc3 29. Rad1 Rd4 30. Nf3 Rxa4 31. Rxd3 Rxd3 32. Rxd3 Nxb5 33. Ne5 Nd4
34. Nd7 Ne2+ 35. Kh2 b5 36. Nb6 Ra2 37. Rd8+ Kh7 38. Nd7 Nf4 39. Ne5 f6 40. Nf7
Rxf2 41. Rd1 Rxg2+ 42. Kh1 Rg3 43. h4 Rh3+ 44. Kg1 Rxh4 45. Nd6 Rg4+ 46. Kf2 h5
47. Nxb7 a4 0-1

[Event "AUTO-INT-3609"]
[Site "http://www.queenalice.com/game.php?id=1634768"]
[Date "2020.11.29"]
[Round "1"]
[White "Arbustov"]
[Black "tadeufm"]
[Result "0-1"]
[WhiteElo "1831"]
[BlackElo "1488"]

1. c4 e5 2. Nc3 c6 3. Nf3 Bd6 4. e3 h6 5. d4 f6 6. c5 Bc7 7. d5 Ba5 8. Bd2 cxd5
9. Nxd5 Nc6 10. b4 Bc7 11. Nh4 Nge7 12. Qh5+ Kf8 13. Nxc7 Qxc7 14. Bc4 d5 15.
cxd6 g6 16. Nxg6+ Nxg6 17. dxc7 Kg7 18. O-O Nce7 19. f4 Kh7 0-1

[Event "AUTO-INT-3609"]
[Site "http://www.queenalice.com/game.php?id=1634769"]
[Date "2020.11.29"]
[Round "1"]
[White "tadeufm"]
[Black "Arbustov"]
[Result "1-0"]
[WhiteElo "1458"]
[BlackElo "1861"]

1. e4 e5 2. Nc3 Nf6 3. Nf3 d6 4. Bc4 Nc6 5. Ng5 Be6 6. Bxe6 fxe6 7. Nxe6 Qe7 8.
Nxf8 Rxf8 9. O-O O-O-O 10. d3 h6 11. h3 g5 12. Be3 d5 13. Bd2 Nd4 14. a4 a6 15.
b3 c6 16. g3 Qd7 17. Kg2 dxe4 18. dxe4 Nf3 19. Kxf3 Nxe4+ 20. Kxe4 1-0

[Event "AUTO-INT-3609"]
[Site "http://www.queenalice.com/game.php?id=1634776"]
[Date "2020.11.29"]
[Round "1"]
[White "tadeufm"]
[Black "SGF"]
[Result "0-1"]
[WhiteElo "1449"]
[BlackElo "1687"]

1. e4 e5 2. Nc3 c6 3. Nf3 f6 4. a3 Bc5 5. Bc4 Qb6 6. O-O d6 7. h3 h5 8. b4 Bd4
9. Nxd4 Qxd4 10. Bxg8 Rxg8 11. Qxh5+ g6 12. Qf3 Nd7 13. Ra2 b5 14. Qe3 Qxe3 15.
fxe3 g5 16. d4 g4 17. hxg4 Rxg4 18. a4 bxa4 19. Rxa4 exd4 20. exd4 Bb7 21. Be3
Nb6 22. Raa1 Nc4 23. Bh6 a6 24. Rxf6 Ke7 25. Raf1 Re8 26. Rf7+ Kd8 27. Rxb7 Rg3
28. Ne2 Rg4 29. Rb8+ Kd7 30. Rf7+ Ke6 31. Rbb7 Rxe4 32. Nf4+ Rxf4 33. Rxf4 d5
0-1

[Event "AUTO-INT-3609"]
[Site "http://www.queenalice.com/game.php?id=1634777"]
[Date "2020.11.29"]
[Round "1"]
[White "SGF"]
[Black "tadeufm"]
[Result "1-0"]
[WhiteElo "1680"]
[BlackElo "1456"]

1. e4 e5 2. Qf3 f6 3. d3 Na6 4. Ne2 Nb4 5. Na3 a6 6. c3 Nc6 7. Ng3 g6 8. Be2 Bg7
9. h4 d6 10. h5 Nge7 11. hxg6 Nxg6 12. Qh5 Ke7 13. Nf5+ Bxf5 14. exf5 Nf4 15.
Bxf4 exf4 16. O-O Kd7 17. Qf7+ Qe7 18. Qxe7+ Nxe7 19. Nc4 Nxf5 20. Bg4 b5 21.
Bxf5+ Kd8 22. Na5 Ke7 23. Nc6+ Kf7 24. Rfe1 Rae8 25. Rxe8 Rxe8 26. Bg4 Kg6 27.
Nb4 f5 28. Bf3 a5 29. Nd5 b4 30. Nxc7 Rc8 31. Nd5 Re8 32. Nxf4+ Kg5 33. g3 1-0

[Event "Let's Play Chess!"]
[Site "http://www.queenalice.com/game.php?id=1636586"]
[Date "2020.12.16"]
[Round "-"]
[White "tadeufm"]
[Black "bobifixer"]
[Result "0-1"]
[WhiteElo "1403"]
[BlackElo "2086"]

1. e4 c5 2. Bc4 e6 3. Nf3 d5 4. exd5 exd5 5. Qe2+ Be7 6. Bb5+ Bd7 7. a4 Nf6 8.
h3 O-O 9. O-O Nc6 10. Bxc6 Bxc6 11. d4 Qc7 12. dxc5 Bxc5 13. Be3 Rfe8 14. Qd3
Bxe3 15. fxe3 Rad8 16. Ng5 Ne4 17. Nxe4 Rxe4 18. Nc3 Rh4 19. Ne2 Qe5 20. Rf5
Qxb2 0-1